[Event "Scarborough CC Spring Swiss U1700"]
[Site "Toronto"]
[Date "2008.04.03"]
[Round "4"]
[White "Douglas, Steven"]
[Black "Zlatanov, Petar"]
[Result "1-0"]
[WhiteElo "1597"]
[BlackElo "1527"]
[PlyCount "59"]
[EventDate "2008.03.13"]
[EventType "swiss"]
[EventRounds "8"]
[EventCountry "CAN"]
[SourceTitle "EXT 2011"]
[Source "ChessBase"]
[SourceDate "2010.11.26"]
[SourceVersion "1"]
[SourceVersionDate "2010.11.26"]
[SourceQuality "1"]

1. e4 c5 2. Nc3 Nc6 3. f4 e6 4. Nf3 g6 5. d4 cxd4 6. Nxd4 Bg7 7. Ndb5 Nf6 8. Nd6+ Ke7 9. Bb5 Qc7 10. Bxc6 bxc6 11. e5 Ne8 12. Nce4 f5 13. Nxe8 Rxe8 14. Nd6 Rd8 15. g4 Ba6 16. b3 Qa5+ 17. Bd2 Qd5 18. Rg1 Qd4 19. Rg3 fxg4 20. c3 Qd5 21. Qxg4 Qh1+ 22. Rg1 Qxh2 23. 0-0-0 Bd3 24. Rh1 Qe2 25. Qg5+ Kf8 26. Rxh7 Be4 27. Qh4 Qd3 28. Rh8+ Bxh8 29. Qxh8+ Ke7 30. Qg7# 1-0

[Event "Scarborough CC-ch reserves"]
[Site "Toronto"]
[Date "2008.01.17"]
[Round "3"]
[White "Paterson, Jim"]
[Black "Zlatanov, Petar"]
[Result "1-0"]
[WhiteElo "1821"]
[BlackElo "1527"]
[PlyCount "89"]
[EventDate "2008.01.03"]
[EventType "swiss"]
[EventRounds "10"]
[EventCountry "CAN"]
[SourceTitle "EXT 2011"]
[Source "ChessBase"]
[SourceDate "2010.11.26"]
[SourceVersion "1"]
[SourceVersionDate "2010.11.26"]
[SourceQuality "1"]

1. e4 c5 2. Nc3 d6 3. Bb5+ Bd7 4. Qe2 a6 5. Bxd7+ Qxd7 6. Nd5 Qc6 7. c4 Nd7 8. f4 e6 9. Nc3 Be7 10. Nf3 Ngf6 11. d3 0-0 12. 0-0 b5 13. b3 b4 14. Nd1 Nb6 15. Nf2 a5 16. Bb2 a4 17. Kh1 axb3 18. axb3 Rxa1 19. Rxa1 Ra8 20. Qe1 Rxa1 21. Qxa1 Qa8 22. Qxa8+ Nxa8 23. g4 Nc7 24. Kg2 Nd7 25. h4 f6 26. Kg3 Kf7 27. g5 Ne8 28. Kg4 g6 29. e5 f5+ 30. Kg3 Nb8 31. d4 Nc6 32. exd6 Bxd6 33. dxc5 Bxc5 34. Nd3 Bf8 35. Nfe5+ Nxe5 36. Bxe5 Bd6 37. Kf3 Bf8 38. Ke3 Nd6 39. Bxd6 Bxd6 40. c5 Bf8 41. Kd4 Bg7+ 42. Kc4 Bc3 43. Kb5 Ke7 44. Kc6 Kd8 45. Kb7 1-0

[Event "Toronto Howard Ridout Swiss U1700"]
[Site "Toronto"]
[Date "2007.10.11"]
[Round "5"]
[White "Zlatanov, Petar"]
[Black "Smith, Maurice"]
[Result "0-1"]
[WhiteElo "1596"]
[BlackElo "1598"]
[PlyCount "48"]
[EventDate "2007.09.13"]
[EventType "swiss"]
[EventRounds "7"]
[EventCountry "CAN"]
[SourceTitle "EXT 2022"]
[Source "ChessBase"]
[SourceDate "2021.10.06"]
[SourceVersion "1"]
[SourceVersionDate "2021.10.06"]
[SourceQuality "1"]

1. e4 c5 2. Nf3 d6 3. d4 cxd4 4. Nxd4 Nf6 5. Nc3 g6 6. Be3 Bg7 7. f3 Bd7 8. Bc4 Nc6 9. Qd2 0-0 10. 0-0-0 Rc8 11. h4 Ne5 12. Bb3 Nc4 13. Bxc4 Rxc4 14. Bh6 Rxd4 15. Qxd4 Bxh6+ 16. Kb1 Bg7 17. Qxa7 Qc7 18. g4 Rc8 19. Rd2 e6 20. Qe3 h5 21. Qg5 Qb6 22. Ne2 Nxe4 23. c3 Nxg5 24. hxg5 Bc6 0-1

[Event "Toronto Bayview Games Club #105"]
[Site "Toronto"]
[Date "2007.06.25"]
[Round "5"]
[White "Maguire, Jack"]
[Black "Zlatanov, Petar"]
[Result "0-1"]
[WhiteElo "1358"]
[BlackElo "1504"]
[PlyCount "22"]
[EventDate "2007.05.28"]
[EventType "tourn"]
[EventRounds "9"]
[EventCountry "CAN"]
[SourceTitle "EXT 2022"]
[Source "ChessBase"]
[SourceDate "2021.10.06"]
[SourceVersion "1"]
[SourceVersionDate "2021.10.06"]
[SourceQuality "1"]

1. d4 Nf6 2. Nc3 d5 3. e4 e6 4. e5 Ne4 5. Nxe4 c6 6. Bc4 a5 7. a4 Bd7 8. Qg4 b5 9. Bb3 f5 10. exf6 Qxf6 11. Nf3 Na6 0-1

[Event "Scarborough CC Late Fall Swiss"]
[Site "Toronto"]
[Date "2006.11.16"]
[Round "3"]
[White "Zlatanov, Petar"]
[Black "Armstrong, Robert J"]
[Result "0-1"]
[WhiteElo "1300"]
[BlackElo "1648"]
[PlyCount "54"]
[EventDate "2006.11.02"]
[EventType "swiss"]
[EventRounds "8"]
[EventCountry "CAN"]
[SourceTitle "EXT 2022"]
[Source "ChessBase"]
[SourceDate "2021.10.06"]
[SourceVersion "1"]
[SourceVersionDate "2021.10.06"]
[SourceQuality "1"]

1. e4 g6 2. Nf3 Bg7 3. d4 d6 4. Bd3 Nf6 5. 0-0 0-0 6. c4 c5 7. d5 e6 8. Nc3 exd5 9. exd5 Re8 10. Bg5 Bg4 11. h3 Bxf3 12. Qxf3 Nbd7 13. Rae1 Ne5 14. Qd1 Nxd3 15. Qxd3 Qd7 16. Qd2 h5 17. b3 a6 18. Qf4 Nh7 19. Ne4 Be5 20. Qh4 Nxg5 21. Qxg5 Qe7 22. Qxe7 Rxe7 23. f4 Bd4+ 24. Kh1 Rae8 25. f5 Rxe4 26. Rxe4 Rxe4 27. fxg6 fxg6 0-1